00195nam a2200073Ia 4500008004100000100002300041245004600064260001100110170617s9999 xx 000 0 und d aKale- S.R/Kale-R.R 2aA Textbook of Pharmacology and Toxicology bNarosa